Trendy a hrozby v doprave

Nedostatok vodičov a regulácia podporuje plány dopravcov zavádzať samojazdiace kamióny a automaticky navádzané konvoje nákladných vozidiel. Aktuálne trendy v logistike: e-commerce, robotizácia skladov, konsolidácia distribučných sietí a fulfillment.

Salvato in:
Dettagli Bibliografici
Autore principale: Kvašňák, Lukáš
Natura: Capitolo di libro
Lingua:slovacco
Soggetti:
Tags: Aggiungi Tag
Nessun Tag, puoi essere il primo ad aggiungerne!!

MARC

LEADER 00000naa a2200000 4500
001 0237617
005 20171127092754.8
041 0 |a slo 
044 |a SK 
245 1 0 |a Trendy a hrozby v doprave  |c Lukáš Kvašňák 
520 |a Nedostatok vodičov a regulácia podporuje plány dopravcov zavádzať samojazdiace kamióny a automaticky navádzané konvoje nákladných vozidiel. Aktuálne trendy v logistike: e-commerce, robotizácia skladov, konsolidácia distribučných sietí a fulfillment. 
610 2 0 |a logistika 
610 2 0 |a doprava cestná 
610 2 0 |a technológie nové 
610 2 0 |a automatizácia 
610 2 0 |a robotizácia 
100 1 |a Kvašňák, Lukáš